000 00404nam a2200169Ia 4500
999 _c29020
_d29020
003 OSt
005 20260617170643.0
008 250310s9999||||xx |||||||||||||| ||und||
040 _c.
082 _a891.43
_bV522
100 _96106
_aVerma, Mahadevi
245 0 _aMera Pariwar /
_cMahadevi Verma
260 _aAllahabad :
_bLokebharati prakashan,
300 _a103 p.
942 _cBK
_2ddc
041 _ahin